000 00467nab a2200145Ia 4500
003 ES-SlBCS
005 20210601125346.0
008 140529s1986 xxu||||| |||| 00| 0 eng d
041 _aeng
100 1 _aBroadie, Alexander
_9131750
245 0 0 _aMedieval Notions and the Theory of Ideas
_c Alexander Broadie
650 0 4 _aTeoría de las Ideas
_9129853
773 0 _tProceedings of the Aristotelian Society
_gvol. 87, nº. 1, 1986, págs. 153-168
_wRev837
942 _cAR
999 _c529097
_d529097